000 00364nam a2200133Ia 4500
008 100328s9999 xx 000 0 und d
082 _b44575
100 _aप्रभुदेसाई बाळकृष्ण वि.
245 _aनायक
260 _bमानसन्मान
630 _aनायक
730 _aनायक
942 _cBOOK
999 _c532841
_d532838